Digital image processing : PIKS inside

Zapisane w:
Opis bibliograficzny
1. autor: Pratt, William K.
Format: Książka
Język:Undetermined
Wydane: Daver, MA John Wiley & Sons 2001
Hasła przedmiotowe:
Etykiety: Dodaj etykietę
Nie ma etykietki, Dołącz pierwszą etykiete!
Thư viện lưu trữ: Trung tâm Học liệu Trường Đại học Cần Thơ
LEADER 00508nam a2200193Ia 4500
001 CTU_70538
008 210402s9999 xx 000 0 und d
082 |a 006.6 
082 |b P917 
100 |a Pratt, William K. 
245 0 |a Digital image processing : 
245 0 |b PIKS inside 
245 0 |c William K. Pratt 
260 |a Daver, MA 
260 |b John Wiley & Sons 
260 |c 2001 
650 |a Digital image processing 
904 |i Minh 
980 |a Trung tâm Học liệu Trường Đại học Cần Thơ